00843nam a2200253Ia 4500001000700000003000500007008004100012010001100053020001800064040000900082082002200091100003400113240003800147245013100185250001200316260003900328300001200367500007900379503001700458504002700475650001700502700004200519700002800561Z_2531CHAP220113s1997 xx 000 0 und d a165590 a968-426-756-8 cCHAP a574.192 H37y 1997 aHarper, Harold Anthony 1911 - aHarper´s ilustrated biochemistry aBioquímica de Harper /cHarold Anthony Harper; editror Robert K. Murray...[et. al.]traductor Jvier Eduardo Gómez Saborio a14a ed. aMéxico :bManual Moderno,c1997 a1021 p. aTraducido de la obra en inglés: Harper´s ilustrated biochemistry de1996 aej.1: 198742 aIncluye bibliografía aBioquímica a Pastrana Retena, Victor Manuel. tr. aMurray, Robert K., ed.